000 01088njm a22002657a 4500
005 20100908104942.0
007 sd ammalaaahaa
008 100901t xxu||||| |||| 00| 0 hin d
028 _aN.544796
_bHis Master's Voice
028 _aOJE.21713
_bHis Master's Voice
035 _aGR-01241
040 _aSED/VEN
100 _917815
_aBhosle, Asha
245 _a Aap ki parchhaaiyan /
_cby Asha Bhosle : Music by Madan Mohan
_h[sound recording] :
_bHindustani
246 _a आप की परछाइयाँ (आशा भोसले)
260 _aDum Dum, India
_bHis Master's Voice
_c1964
300 _a1 sound disc :
_banalog, 33 1/3 rpm
_c10 in.
500 G _aBrief record
505 _aSide-1Kabhi ithla ke chalte ho (कभी इठला के चलते हो),Side-2 jab tak ke hai aakash mein (जब तक के है आकाश में)
650 _aClassical music
_xExcerpts
_zIndia
_917813
700 _918219
_aMadan Mohan
700 _918220
942 _2ddc
_cGR
999 _c44378
_d44378